| 000 | 00428nam a2200145 a 4500 | ||
|---|---|---|---|
| 001 | 000044236 | ||
| 005 | 20201002045233.0 | ||
| 008 | 140610s20uu dr 000 0 spa d | ||
| 020 | _a9789993429494 | ||
| 040 |
_aDO-SdBNP _bspa _cBNPHU |
||
| 100 | 1 |
_aDomínguez, Franklin _926932 |
|
| 245 | 1 | 3 |
_aLa niña que quería ser princesa / _cFraklin Domínguez. |
| 260 |
_aSanto Domingo : _bCollado, _c[200-?]. |
||
| 300 |
_a102 p. ; _c22 cm. |
||
| 999 |
_c43725 _d43725 |
||